000 00527nam a2200169 a 4500
001 000028514
005 20200930055003.0
008 090824s2007 dr 001 0 spa d
040 _aDO-SdBNP
_bspa
_cBNPHU
082 _axxxx
_bR426
110 1 _aRepública Dominicana.
_9447
240 1 3 _a[Leyes, etc.]
245 1 0 _aLey No. 25-91 orgánica de la Suprema Corte de Justicia y sus modificaciones.
260 _aSanto Domingo :
_bSuprema Corte de Justicia, Poder Judicial,
_c2007.
300 _a18 p. ;
_c12 cm.
049 _aBNPD
999 _c28006
_d28006